| 000 | 00000nam##2200000za#4500 |
| 001 | 9.700358 |
| 003 | CaOODSP |
| 005 | 20210625000812 |
| 007 | cr ||||||||||| |
| 008 | 150407|1976||||xxc|||||o f|0| 0 eng|d |
| 040 | |aCaOODSP|beng |
| 043 | |an-cn--- |
| 086 | 1 |aA53-1309/1976E-PDF |
| 110 | 1 |aCanada.|bAgriculture Canada. |bInformation Services. |
| 245 | 10|aControl of cattle grubs / |h[electronic resource]|c[by] M.A. Khan. |
| 250 | |aRev. 1974, reprinted 1976 |
| 260 | |aOttawa - Ontario : |bAgriculture Canada. |cc1976. |
| 300 | |a16p.|billus., tables |
| 500 | |aHistorical publication digitized by Agriculture and Agri-Food Canada. |
| 590 | |a15-03-Supp|b2015-03-13 |
| 720 | 1 |aKhan, M. A. |
| 775 | 08|tL'hypodermose bovine, lutte contre / |w(CaOODSP)9.644256 |
| 856 | 40|ahttp://publications.gc.ca|qPDF|s1213 KB|uhttps://publications.gc.ca/collections/collection_2015/aac-aafc/A53-1309-1976-eng.pdf |
| 986 | |aPublication 1309 |